000 00404nam a2200121Ia 4500
008 171212s9999 xx 000 0 und d
020 _a9781925261165
100 _aBonham, Jennifer;Johnson, Marilyn
245 _cBonham, Jennifer;Johnson, Marilyn
_aCycling Futures
260 _bUniversity of Adelaide Press
_c2015
650 _aPolitical Science
856 _uhttp://jstor.org/stable/10.20851/j.ctt1sq5x1g
999 _c352912
_d352912